Mimo obraz /
Další napínavý příběh s kriminalistou Tomášem Volfem. Tentokrát spolu s brněnskou komisařkou řeší brutální vraždu dvou mužů.
Uloženo v:
| Série: | Tomáš Volf,
část 6 |
|---|---|
| Hlavní autor: | |
| Další autoři: | , |
| Médium: | E-audiokniha |
| Jazyk: | Czech |
| Vydáno: |
Praha :
Voxi,
2024
|
| Témata: | |
| Příbuzné jednotky: | Z cyklu::
Tomáš Volf |
| Tagy: |
Žádné tagy |
| LEADER | 04927nim a2201093 i 4500 | ||
|---|---|---|---|
| 001 | 313366 | ||
| 003 | CZ PrSKC | ||
| 005 | 20260601215740.0 | ||
| 007 | sd fungnnmmned | ||
| 008 | 241121s2024 xr nnnng f n cze | ||
| 015 | |a cnb003644182 | ||
| 020 | |a 9788074482410 : |c Kč 399,00 | ||
| 040 | |a ABA001 |b cze |e rda | ||
| 072 | 7 | |a 821.162.3-3 |x Česká próza |2 Konspekt | |
| 080 | |a 821.162.3-31 |2 MRF | ||
| 080 | |a (086.7)08 |2 MRF | ||
| 080 | |a (086.76) |2 MRF | ||
| 100 | 1 | |a Březina, Jiří, |d 1980- |7 xx0114321 |4 aut | |
| 245 | 1 | 0 | |a Mimo obraz / |c Jiří Březina |
| 264 | 1 | |a Praha : |b Voxi, |c 2024 | |
| 300 | |a 1 audiodisk (6 hod., 39 min.) ; |c 12 cm | ||
| 306 | |a 063900 | ||
| 336 | |a mluvené slovo |b spw |2 rdacontent | ||
| 337 | |a audio |b s |2 rdamedia | ||
| 338 | |a audiodisk |b sd |2 rdacarrier | ||
| 344 | |a digital |b optical |2 rda | ||
| 347 | |a audio soubor |b MP3 |2 rda | ||
| 500 | |a Název z disku | ||
| 500 | |a Vydalo nakladatelství VOXI ve společnosti Albatros Media a.s. | ||
| 500 | |a Podle stejnojmenné knihy vydané nakladatelstvím Motto v roce 2024 | ||
| 500 | |a Nezkrácená audiokniha ve formátu MP3 | ||
| 508 | |a Režie, Miloš Vrána | ||
| 511 | 0 | |a Čte Jakub Saic | |
| 518 | |o Nahráno |d 2024 |p studio ArtCrow | ||
| 520 | 2 | |a Další napínavý příběh s kriminalistou Tomášem Volfem. Tentokrát spolu s brněnskou komisařkou řeší brutální vraždu dvou mužů. |b Hrůzný nález v odstavené dodávce na okraji jihomoravského lesa odstartuje vyšetřování, do kterého je zapojen i Tomáš Volf. Případ s mezinárodním přesahem má pro pražského kriminalistu mnohem větší důsledky, než se zpočátku zdá. A nejen díky sympatické brněnské komisařce, s níž ho pátrání svede dohromady. Stopy vedou do kontroverzního světa moderního umění a podezřelých obchodních transakcí, kde příležitost dělá nejen zloděje... To, co se děje mimo obraz, má totiž často nebezpečné kontury. Nakladatelská anotace. | |
| 655 | 7 | |a české romány |7 fd133974 |2 czenas | |
| 655 | 7 | |a detektivní romány |7 fd132010 |2 czenas | |
| 655 | 7 | |a audioknihy |7 fd119452 |2 czenas | |
| 655 | 7 | |a kompaktní disky |7 fd201991 |2 czenas | |
| 655 | 9 | |a Czech fiction |2 eczenas | |
| 655 | 9 | |a detective novels |2 eczenas | |
| 655 | 9 | |a audiobooks |2 eczenas | |
| 655 | 9 | |a compact discs |2 eczenas | |
| 700 | 1 | |a Saic, Jakub, |d 1969- |7 xx0225636 |4 nrt | |
| 700 | 1 | |a Vrána, Miloš |7 xx0209201 |4 drt | |
| 787 | 0 | 8 | |i Z cyklu: |t Tomáš Volf |g 6 |
| 900 | |a ABA001 |b 19 | ||
| 928 | 9 | |a Albatros Media | |
| 044 | |a xr | ||
| 505 | 0 | 0 | |t 00_Prolog (4 min., 8 sek.) |
| 505 | 0 | 0 | |t 01_Kapitola 1 (7 min., 21 sek.) |
| 505 | 0 | 0 | |t 02_Kapitola 2 (10 min., 33 sek.) |
| 505 | 0 | 0 | |t 03_Kapitola 3 (8 min., 46 sek.) |
| 505 | 0 | 0 | |t 04_Kapitola 4 (10 min., 28 sek.) |
| 505 | 0 | 0 | |t 05_Kapitola 5 (10 min., 9 sek.) |
| 505 | 0 | 0 | |t 06_Kapitola 6 (8 min., 43 sek.) |
| 505 | 0 | 0 | |t 07_Kapitola 7 (8 min., 39 sek.) |
| 505 | 0 | 0 | |t 08_Kapitola 8 (11 min., 27 sek.) |
| 505 | 0 | 0 | |t 09_Kapitola 9 (9 min., 36 sek.) |
| 505 | 0 | 0 | |t 10_Kapitola 10 (13 min., 7 sek.) |
| 505 | 0 | 0 | |t 11_Kapitola 11 (11 min., 49 sek.) |
| 505 | 0 | 0 | |t 12_Kapitola 12 (9 min., 42 sek.) |
| 505 | 0 | 0 | |t 13_Kapitola 13 (6 min., 38 sek.) |
| 505 | 0 | 0 | |t 14_Kapitola 14 (7 min., 2 sek.) |
| 505 | 0 | 0 | |t 15_Kapitola 15 (9 min., 47 sek.) |
| 505 | 0 | 0 | |t 16_Kapitola 16 (8 min., 0 sek.) |
| 505 | 0 | 0 | |t 17_Kapitola 17 (13 min., 35 sek.) |
| 505 | 0 | 0 | |t 18_Kapitola 18 (8 min., 15 sek.) |
| 505 | 0 | 0 | |t 19_Kapitola 19 (8 min., 34 sek.) |
| 505 | 0 | 0 | |t 20_Kapitola 20 (14 min., 4 sek.) |
| 505 | 0 | 0 | |t 21_Kapitola 21 (10 min., 39 sek.) |
| 505 | 0 | 0 | |t 22_Kapitola 22 (7 min., 58 sek.) |
| 505 | 0 | 0 | |t 23_Kapitola 23 (15 min., 42 sek.) |
| 505 | 0 | 0 | |t 24_Kapitola 24 (13 min., 44 sek.) |
| 505 | 0 | 0 | |t 25_Kapitola 25 (8 min., 20 sek.) |
| 505 | 0 | 0 | |t 26_Kapitola 26 (9 min., 19 sek.) |
| 505 | 0 | 0 | |t 27_Kapitola 27 (10 min., 36 sek.) |
| 505 | 0 | 0 | |t 28_Kapitola 28 (9 min., 3 sek.) |
| 505 | 0 | 0 | |t 29_Kapitola 29 (9 min., 31 sek.) |
| 505 | 0 | 0 | |t 30_Kapitola 30 (11 min., 34 sek.) |
| 505 | 0 | 0 | |t 31_Kapitola 31 (9 min., 30 sek.) |
| 505 | 0 | 0 | |t 32_Kapitola 32 (9 min., 41 sek.) |
| 505 | 0 | 0 | |t 33_Kapitola 33 (11 min., 47 sek.) |
| 505 | 0 | 0 | |t 34_Kapitola 34 (11 min., 45 sek.) |
| 505 | 0 | 0 | |t 35_Kapitola 35 (4 min., 45 sek.) |
| 505 | 0 | 0 | |t 36_Kapitola 36 (6 min., 44 sek.) |
| 505 | 0 | 0 | |t 37_Kapitola 37 (6 min., 18 sek.) |
| 505 | 0 | 0 | |t 38_Kapitola 38 (7 min., 9 sek.) |
| 505 | 0 | 0 | |t 39_Kapitola 39 (9 min., 9 sek.) |
| 505 | 0 | 0 | |t 40_Kapitola 40 (3 min., 33 sek.) |
| 505 | 0 | 0 | |t 41_Epilog (11 min., 49 sek.) |
| 910 | |a RBIT002 | ||
| 998 | |d 414433 |a https://core.palmknihy.cz/api/books/414433/cover?ske8vr |b https://core.palmknihy.cz/api/books/414433/cover/400?ske8vr |c https://core.palmknihy.cz/api/books/414433/cover/50?ske8vr |e 2034-12-31 |i 9788074482410 |l 23940 |q 49 |r 1 |s https://www.palmknihy.cz/kniha/414433 |t audiobook |y 2024 |z 0 | ||
| 999 | |d 313364 | ||